Online Catalogue and eLibrary

Levo Tolstoy kalawa yanu kumakda? (Record no. 5109)

MARC details
000 -LEADER
fixed length control field 00408nam a2200157Ia 4500
005 - DATE AND TIME OF LATEST TRANSACTION
control field 20250701032054.0
008 - FIXED-LENGTH DATA ELEMENTS--GENERAL INFORMATION
fixed length control field 240331s9999 xx 000 0 und d
020 ## - INTERNATIONAL STANDARD BOOK NUMBER
ISBN 9555910332
082 ## - DDC Classification
Item Number - Author Mark SUR
Class No. 800
100 ## - MAIN ENTRY--PERSONAL NAME
Personal name Suraweera,A.V
245 #0 - TITLE STATEMENT
Title Levo Tolstoy kalawa yanu kumakda?
260 ## - PUBLICATION, DISTRIBUTION, ETC.
Place of publication, distribution, etc. Rajagiriya
Name of publisher, distributor, etc. Bird Books
Date of publication, distribution, etc. 1995
300 ## - PHYSICAL DESCRIPTION
Extent (e.g. Volumes, Pages etc.) 216 p .,
500 ## - GENERAL NOTE
General note Sinhala Translation of What is Art ?
942 ## - Koha item type (Biblio)
Koha item type Books in Stacks (Lending)
Holdings
Lost status Damaged status Collection code Home library Current library Shelving location Date acquired Full call number Accession Number Item type
    Lending WERC Library WERC Library Social Science Cupboard 03/31/2024 800 SUR 5236 Books in Stacks (Lending)

© WERC Library